Náměty a doporučení pro podnikovou praxi v oblasti podnikové kultury a etiky
Analýza podnikovej kultúry firiem a inštitúcií v Českej republike. Závery dotazníkového prieskumu. Doporučenia pre podnikovú prax.
Salvato in:
| Autore principale: | |
|---|---|
| Natura: | Capitolo di libro |
| Lingua: | ceco |
| Soggetti: | |
| Tags: |
Nessun Tag, puoi essere il primo ad aggiungerne!!
|
MARC
| LEADER | 00000naa$a2200000$$$4500 | ||
|---|---|---|---|
| 001 | 0014285 | ||
| 005 | 20221128110839.1 | ||
| 041 | 0 | |a cze | |
| 044 | |a SK | ||
| 245 | 1 | 0 | |a Náměty a doporučení pro podnikovou praxi v oblasti podnikové kultury a etiky |c aut. Dagmar Jakubíková |
| 520 | |a Analýza podnikovej kultúry firiem a inštitúcií v Českej republike. Závery dotazníkového prieskumu. Doporučenia pre podnikovú prax. | ||
| 610 | 2 | 0 | |a kultúra podniková |
| 610 | 2 | 0 | |a etika podniková |
| 610 | 2 | 0 | |a firmy |
| 610 | 2 | 0 | |a Česko |
| 610 | 2 | 0 | |a analýzy |
| 100 | 1 | |a Jakubíková, Dagmar | |